| 000 | 00716nam a2200229Ii 4500 | ||
|---|---|---|---|
| 003 | JO-AjNU | ||
| 008 | 230605s9999||||xx |||||||||||||| ||und|| | ||
| 017 | _a8727/2016 | ||
| 020 | _a977-04-1462-X | ||
| 040 |
_aJO-AjNU _bara _erda _cJO-AjNU |
||
| 041 | _aara | ||
| 050 | 1 | 4 | _aKZ3410.A28.2016 |
| 100 | 3 |
_aابو الوفا، احمد, _eauthor _964449 |
|
| 245 | 0 | 0 | _aالوسيط في القانون الدولي العام |
| 250 | _aط6 | ||
| 264 | 3 | 1 | _aالقاهرة: دار النهضة العربية، 2016 |
| 300 | _a937ص | ||
| 336 |
_atext _btxt _2rdacontent |
||
| 337 |
_aunmediated _bn _2rdamedia |
||
| 338 |
_avolume _bnc _2rdacarrier |
||
| 650 | 4 |
_aالقانون الدولي العام _964450 |
|
| 999 |
_aA29372 _c32940 _d32940 |
||